Dalí, Gaudí, Nonell (Record no. 121339)

MARC details
000 -LEADER
campo de control de longitud fija 00991nam a2200265 i 4500
001 - NÚMERO DE CONTROL
campo de control 121339
003 - IDENTIFICADOR DE NÚMERO DE CONTROL
campo de control ES-MaACL
005 - FECHA Y HORA DE LA ÚLTIMA TRANSACCIÓN
campo de control 20250822063159.0
007 - CAMPO FIJO DE DESCRIPCIÓN FÍSICA--INFORMACIÓN GENERAL
campo de control de longitud fija t|
008 - DATOS DE LONGITUD FIJA--INFORMACIÓN GENERAL
campo de control de longitud fija 070214s1986 sp r ||||1|cspa d
080 ## - NÚMERO DE LA CLASIFICACIÓN DECIMAL UNIVERSAL
Número de la Clasificación Decimal Universal 929(460.23)"19"
100 1# - ENTRADA PRINCIPAL--NOMBRE DE PERSONA
Nombre de persona Pla, Josep,
Fechas asociadas al nombre 1897-1981
9 (RLIN) 164614
245 10 - MENCIÓN DEL TÍTULO
Título Dalí, Gaudí, Nonell
Resto del título : tres artistas catalanes /
Mención de responsabilidad, etc. Josep Pla ; introducción de J. M. Castellet ; [traductor, María Parés].
260 ## - PUBLICACIÓN, DISTRIBUCIÓN, ETC.
Lugar de publicación, distribución, etc. Madrid ;
-- Barcelona :
Nombre del editor, distribuidor, etc. Alianza :
-- Enciclopedia Catalana,
Fecha de publicación, distribución, etc. 1986.
300 ## - DESCRIPCIÓN FÍSICA
Extensión 131 p. ;
Dimensiones 12 cm.
490 1# - MENCIÓN DE SERIE
Mención de serie Biblioteca de cultura catalana ;
Designación de volumen o secuencia 4
594 ## - Nota al título y mención de responsabilidad
Nota al título y mención de responsabilidad Trad. de: Homenots, Dalí, Gaudí, Nonell.
650 #4 - PUNTO DE ACCESO ADICIONAL DE MATERIA--TÉRMINO DE MATERIA
Término de materia o nombre geográfico como elemento de entrada Artistas-
Subdivisión geográfica Cataluña-
Subdivisión de forma Biografías.
9 (RLIN) 155128
650 #4 - PUNTO DE ACCESO ADICIONAL DE MATERIA--TÉRMINO DE MATERIA
Término de materia o nombre geográfico como elemento de entrada Catalanes-
Subdivisión cronológica S.XX-
Subdivisión de forma Biografías.
9 (RLIN) 152434
700 1# - ENTRADA AGREGADA--NOMBRE PERSONAL
Nombre de persona Castellet, J. M.,
Fechas asociadas al nombre 1926-2014
9 (RLIN) 156498
700 1# - ENTRADA AGREGADA--NOMBRE PERSONAL
Nombre de persona Parés, María.
9 (RLIN) 89100
830 0# - PUNTO DE ACCESO ADICIONAL DE SERIE-TÍTULO UNIFORME
Título uniforme Biblioteca de cultura catalana ;
Designación de volumen o secuencia 4
9 (RLIN) 178600
852 ## - LOCALIZACIÓN
Ubicación ES-MaACL
Número de control de estantería L-10656
Holdings
Estatus retirado Estado de pérdida Estado de daño No para préstamo Biblioteca de origen Biblioteca actual Ubicación en estantería Fecha de adquisición Fuente de adquisición Total de préstamos Signatura topográfica completa Código de barras Visto por última vez Precio de reemplazo Tipo de ítem Koha
        Biblioteca del Ateneo de Madrid Biblioteca del Ateneo de Madrid Depósito 2 17/01/2008     L-10656 1126458 23/02/2023 23/02/2023 Libro impreso